Kraje z największą inflacją - Statystyki

Ogólne statystyki
  • Ten quiz został rozwiązany 24 razy
  • Średni wynik to 10 z 23
Statystyki odpowiedzi
Najwyższy nominał Kontynent Kraj-emitent % Poprawnych
10 000 000 Azja Iran
76%
50 000 Azja Irak
71%
100 000 Azja Laos
71%
50 000 Azja Kambodża
65%
100 000 Azja Indonezja
59%
100 000 Azja Liban
59%
20k Azja Mjanma
59%
200 000 Azja Uzbekistan
59%
500 000 Azja Wietnam
59%
20k Ameryka Argentyna
53%
50 000 Azja Armenia
47%
20k Ameryka Chile
47%
20 000 Afryka DR Konga
47%
20k Azja Kazachstan
47%
20k Azja Mongolia
47%
100 000 Ameryka Kolumbia
35%
100 000 Ameryka Paragwaj
35%
20k Ameryka Kostaryka
29%
20 000 Afryka Gwinea
24%
20 000 Afryka Madagaskar
24%
50 000 Afryka Uganda
18%
50 000 Azja Korea Południowa
12%
20 000 Europa Węgry
0%
Nie znaleziono quizów pasujących do podanych kryteriów
Rozkład punktacji
Procent ludzi z każdym wynikiem
Percentyl według liczby udzielonych odpowiedzi
Twoja historia wyników
Nie rozwiązałeś tego quizu